| 000 | 00815nam a22002537a 4500 | ||
|---|---|---|---|
| 001 | 4669 | ||
| 003 | FISKH | ||
| 005 | 20240919143419.0 | ||
| 008 | 240919b cb ||||| |||| 00| 0 eng d | ||
| 020 | _a9780590138000 | ||
| 040 |
_aFISKH _beng _cFISKH _dFISKH |
||
| 050 | _aPZ7.S7242 | ||
| 082 | _2808.88 | ||
| 100 |
_aSoto, Gary _d1952- |
||
| 245 |
_aTaking side / _cGary Soto |
||
| 250 | _aPrinting in 1991 | ||
| 260 |
_aNew York : _bScholastic, _c1991. |
||
| 300 |
_a138 pages : _c20cm |
||
| 520 | _aFourteen-year-old Lincoln Mendoza, an aspiring basketball player, must come to terms with his divided loyalties when he moves from the Hispanic inner city to a white suburban neighborhood. | ||
| 650 |
_2Sports _aLatinx _vFiction |
||
| 650 |
_2Basketball _aComing of age |
||
| 942 |
_2ddc _cBK _n0 |
||
| 999 |
_c4669 _d4669 |
||